000 00497nam a22001697a 4500
008 200916b xxu||||| |||| 00| 0 eng d
041 _aNepali
082 _aCD16630
100 _aGautam, Anita
245 _aAnarko bot kathama samabista shabdabhandarko adhyayan
260 _aKathmandu
_bCentral dept. of education
_c2074 B. S.
502 _aDissertation
_bDegree in Education
_cT U
_d2074 B.S.
546 _aNepali
650 _aNepali Literature
650 _aNepali story
942 _2ddc
_cVM
999 _c96416
_d96405